000 00580nam a2200205Ia 4500
005 20250923144958.0
008 008 250917s9999 xx 000 0 eng d
037 _aTextual
040 _aDSWL
_beng
_cDSWL
041 _aeng
_2eng
084 _aL7:4:6913.N6, K3
_qDSWL
245 0 _aTrends in the mental health service
_cEd.by H. Freeman
260 _aLondon
_bPress Oxford
_c1963
300 _aXV,341 p.
365 _aINR
_b70
700 _aJ. Farndale
_9830497
925 _g70
942 _cTEXL
_hL7:4:6913.N6, K3
999 _c1445619
_d1445619